Score 0/20 Timer 04:00
3 Plays Today
% Correct
Kung Fu PANDA
96.5%
The Silence of the LAMBS
94.8%
Raging BULL
92.9%
Never Cry WOLF
92%
PENGUINS of Madagascar
91.6%
Black HAWK Down
91.2%
The BUTTERFLY Effect
89.7%
Wag the DOG
88.9%
A FISH Called Wanda
88%
Twelve MONKEYS
87.9%
% Correct
The DEER Hunter
87.6%
The ELEPHANT Man
85.2%
G.I. Joe: The Rise of COBRA
84.7%
Howard the DUCK
84.1%
GROUNDHOG Day
83.8%
The SCORPION King
83.5%
The Men Who Stare at GOATS
83.3%
War HORSE
82.6%
Black SWAN
80.9%
Monty PYTHON
and the Holy Grail
77.5%
Remove Ads.
Support Sporcle.
Get the best of Sporcle when you Go Orange. This ad-free experience offers more features, more stats, and more fun while also helping to support Sporcle. Thank you for becoming a member.

You're not logged in!

Compare scores with friends on all Sporcle quizzes.
OR
Log In

Show Comments

Extras

Top Quizzes Today


Score Distribution

Your Account Isn't Verified!

In order to create a playlist on Sporcle, you need to verify the email address you used during registration. Go to your Sporcle Settings to finish the process.

Report this User

Report this user for behavior that violates our Community Guidelines.

Details: